000 01124nam a2200313 i 4500
001 000038413
003 DO-SdBNP
005 20250708104556.0
007 ta
008 130411s2012 dr 000 p spa d
040 _aDO-SdBNP
_bspa
_cBNPHU
_erda
041 _aspa
082 4 _aRD861.44
_bM357c
_222
100 1 _aMárquez, Carlos,
_b1953-
_eautor
_4aut.
_958325
245 1 0 _aCanto a Claudio :
_bentre copas y penas, los conservadores nacen con su flor en el trasero /
_cCarlos Márquez ; cuidado de edición, Tomás Castro.
250 _aPrimera edición
264 _aSanto Domingo, República Dominicana :
_bSoto Castillo,
_c2012.
300 _a64 páginas ;
_c22 cm.
336 _atexto
_btxt
_2rdacontent
337 _asin mediación
_bn
_2rdamedia
338 _avolumen
_bnc
_2rdacarrier
500 _aIncluye datos biográficos del autor en las solapas de la cubierta
590 _aInventariado, 2018/LP
650 0 _aPoesía dominicana
_966
650 0 _aLiteratura dominicana.
_967
700 1 _aCastro, Tomás,
_eeditor
_4ed.
_988276
910 _aValidado. Control de calidad MFF
942 _2ddc
_cLBS1
999 _c37903
_d37903